Every 2023/24 EFL Championship Signing - Statistics

General Stats
  • This quiz has been taken 26 times
    23 since last reset
  • The average score is 84 of 217
Answer Stats
% Correct
Leicester City S Montpellier England LW Stephy Mavididi
80%
Leicester City S Chelsea Italy CM Cesare Casadei Loan
73%
Leeds United S Chelsea Wales DM Ethan Ampadu
73%
Leeds United S Rangers Finland CM Glen Kamara
73%
Leicester City S Tottenham Hotspur England DM Harry Winks
73%
Leeds United S Swansea City Netherlands ST Joel Piroe
73%
Leeds United S Tottenham Hotspur Wales CB Joe Rodon Loan
73%
Ipswich Town S Manchester United England LB Brandon Williams Loan
67%
Leicester City S Wolverhampton Wanderers England CB Conor Coady
67%
Leeds United S Tottenham Hotspur England RB Djed Spence Loan
67%
Norwich City S Bournemouth England RB Jack Stacey Free
67%
Leeds United S Bournemouth England LW Jaidon Anthony Loan
67%
Birmingham City S Fulham England ST Jay Stansfield Loan
67%
Birmingham City S Derby County Poland DM Krystiak Bielik
67%
Leicester City S Brondby Denmark GK Mads Hermansen
67%
Ipswich Town S Chelsea Jamaica AM Omari Hutchinson Loan
67%
Southampton S Newcastle United Scotland LW Ryan Fraser Loan
67%
Cardiff City S Nice Wales CM Aaron Ramsey Free
60%
Preston North End S Liverpool Scotland RB Calvin Ramsay Loan
60%
Birmingham City S Leeds United England RB Cody Drameh Loan
60%
Ipswich Town S Tottenham Hotspur England ST Dane Scarlett Loan
60%
Birmingham City S Manchester United England RB Ethan Laird
60%
Southampton S West Ham United England CM Flynn Downes Loan
60%
Leeds United S Werder Bremen Bulgaria DM Ilia Gruev
60%
Leeds United S Newcastle United England GK Karl Darlow
60%
Preston North End S Liverpool England ST Layton Stewart
60%
Birmingham City S Werder Bremen Scotland ST Oliver Burke Loan
60%
Southampton S Sunderland Scotland ST Ross Stewart
60%
Southampton S Swansea City Ireland LB Ryan Manning Free
60%
Leeds United S Norwich City England RB Sam Byram Free
60%
Southampton S Manchester City England CB Taylor Harwood-Bellis Loan
60%
Birmingham City S Leeds United Wales ST Tyler Roberts
60%
Hull City S Brighton & Hove Albion Ireland ST Aaron Connolly
53%
Rotherham United S Slovan Bratislava England LW Andre Green Free
53%
Norwich City S Burnley England ST Ashley Barnes Free
53%
Norwich City S Giresunspor Spain LW Borja Sainz Free
53%
Leicester City S Manchester City England CB Callum Doyle Loan
53%
Birmingham City S Wolverhampton Wanderers England CB Dion Sanderson
53%
Ipswich Town S Leicester City England ST George Hirst
53%
Bristol City S Brighton & Hove Albion England LB Haydon Roberts Free
53%
Cardiff City S Troyes Canada ST Ike Ugbo Loan
53%
Hull City S Aston Villa England LW Jaden Philogene
53%
Cardiff City S Nottingham Forest England RW Josh Bowler Loan
53%
Birmingham City S Royal Antwerp Japan AM Koji Miyoshi Free
53%
Middlesbrough S Nottingham Forest England CM Lewis O'Brien Loan
53%
Southampton S Everton England CB Mason Holgate Loan
53%
Cardiff City S Arsenal Iceland GK Runar Runarsson Loan
53%
Middlesbrough S Leeds United England AM Sam Greenwood Loan
53%
Norwich City S Fulham Ireland CB Shane Duffy Free
53%
Southampton S Manchester City Northern Ireland DM Shea Charles
53%
Birmingham City S Bournemouth Scotland LW Siriki Dembele
53%
Leicester City S Everton Ireland ST Tom Cannon
53%
Norwich City S Leeds United England CM Adam Forshaw Free
47%
Stoke City S Maritimo Portugal LW Andre Vidigal
47%
Blackburn Rovers S Brighton & Hove Albion Ireland AM Andrew Moran Loan
47%
Queens Park Rangers S Everton Bosnia GK Asmir Begovic Free
47%
Plymouth Argyle S Norwich City England RB Bali Mumba
47%
Stoke City S Bournemouth England CM Ben Pearson
47%
Coventry City S Burnley England CB Bobby Thomas
47%
Millwall S Arsenal England RB Brooke Norton-Cuffy Loan
47%
Rotherham United S Nottingham Forest Portugal CM Cafu Free
47%
Norwich City S Young Boys Switzerland RM Christian Fassnacht
47%
Ipswich Town S Manchester City Scotland GK Cieran Slicker
47%
Norwich City S Sunderland England CB Danny Batth
47%
Cardiff City S Sivasspor Greece CB Dimitrios Goutas Free
47%
Coventry City S Everton England ST Ellis Simms
47%
Norwich City S Millwall England GK George Long Free
47%
Leicester City S Sporting CP Ghana RW Issahaku Fatawu Loan
47%
Ipswich Town S Peterborough United Ireland CM Jack Taylor
47%
Birmingham City S Werder Bremen England LB Lee Buchanan
47%
Stoke City S Sunderland United States RW Lynden Gooch
47%
Plymouth Argyle S Swansea City England RW Morgan Whittaker
47%
Middlesbrough S PEC Zwolle Netherlands CB Rav van den Berg
47%
Sheffield Wednesday S Blackpool England LB Reece James
47%
Stoke City S Aston Villa Brazil ST Wesley Moraes
47%
Blackburn Rovers S CSKA Moscow Iceland AM Arnor Sigurdsson Loan
40%
Sheffield Wednesday S Preston North End Spain CB Bambo Diaby
40%
Huddersfield Town S Rotherham United England CM Ben Wiles
40%
Coventry City S Barnsley England GK Brad Collins
40%
Stoke City S Wolverhampton Wanderers Portugal LW Chiquinho Loan
40%
Plymouth Argyle S Celtic Northern Ireland GK Conor Hazard
40%
West Bromwich Albion S Brighton & Hove Albion Ecuador AM Jeremy Sarmiento Loan
40%
Coventry City S Swansea City Jamaica CB Joel Latibeaudiere Free
40%
Southampton S Middlesbrough England GK Joe Lumley Free
40%
Plymouth Argyle S Aston Villa England RB Kaine Kesler-Hayden Loan
40%
Cardiff City S West Bromwich Albion England ST Karlan Grant Loan
40%
Millwall S Hibernian Scotland ST Kevin Nisbet
40%
Hull City S Manchester City England ST Liam Delap Loan
40%
Cardiff City S Trabzonspor Greece DM Manolis Siopis Free
40%
Stoke City S Bournemouth Ireland GK Mark Travers Loan
40%
Coventry City S Heerenveen Netherlands RB Milan van Ewijk
40%
Sheffield Wednesday S Portimonense France DM Momo Diaby Loan
40%
Queens Park Rangers S Stoke City Wales LB Morgan Fox Free
40%
Hull City S Burnley England AM Scott Twine Loan
40%
Queens Park Rangers S Nottingham Forest England CB Steve Cook
40%
Coventry City S Oostende Japan RM Tatsuhiro Sakamoto
40%
Hull City S Liverpool England DM Tyler Morton Loan
40%
Stoke City S Basel Netherlands DM Wouter Burger
40%
Cardiff City S Reading Ivory Coast LW Yakou Meite Free
40%
Coventry City S Brighton & Hove Albion Sweden CM Yasin Ayari Loan
40%
Millwall S Luton Town Scotland CM Allan Campbell Loan
33%
Sheffield Wednesday S Monaco Netherlands RW Anthony Musaba
33%
Rotherham United S Almeria England RW Arvin Appiah Loan
33%
Sheffield Wednesday S Watford England ST Ashley Fletcher Loan
33%
Millwall S Leuven Belgium CM Casper De Norre
33%
Swansea City S Arsenal England CM Charlie Patino Loan
33%
Huddersfield Town S Blackpool Wales GK Chris Maxwell Free
33%
Rotherham United S Slovan Liberec Ivory Coast DM Christ Tiehi
33%
Stoke City S Preston North End Jamaica AM Daniel Johnson Free
33%
Huddersfield Town S Mainz Netherlands LW Delano Burgzorg Loan
33%
Rotherham United S Wolverhampton Wanderers Jamaica RB Dexter Lembikisa Loan
33%
Sheffield Wednesday S Manchester United Jamaica CB Di'Shon Bernard Free
33%
Sheffield Wednesday S Paris Saint-Germain France LW Djeidi Gassama
33%
Preston North End S Huddersfield Town United States AM Duane Holmes
33%
Birmingham City S Cremonese Austria CB Emanuel Aiwu Loan
33%
Middlesbrough S Atalanta Ivory Coast ST Emmanuel Latte Lath
33%
Plymouth Argyle S Aston Villa Ireland AM Finn Azaz Loan
33%
Rotherham United S Middlesbrough England CB Grant Hall Free
33%
Coventry City S Antalyaspor United States ST Haji Wright
33%
Swansea City S Newcastle United Scotland RB Harrison Ashby Loan
33%
Queens Park Rangers S Nottingham Forest England DM Jack Colback Free
33%
Preston North End S Wigan Athletic England CB Jack Whatmough Free
33%
Hull City S Brighton & Hove Albion Ireland LB James Furlong
33%
Blackburn Rovers S Bournemouth England CB James Hill Loan
33%
Middlesbrough S Wigan Athletic England GK Jamie Jones Free
33%
Bristol City S Derby County Ireland CM Jason Knight
33%
Hull City S Sparta Rotterdam Belgium RW Jason Lokilo
33%
Coventry City S Bristol City England LB Jay Dasilva Free
33%
Sheffield Wednesday S Newcastle United Ireland CM Jeff Hendrick Loan
33%
Swansea City S Blackpool England ST Jerry Yates
33%
Sunderland S Birmingham City England AM Jobe Bellingham
33%
Millwall S Fulham England LB Joe Bryan Free
33%
Sheffield Wednesday S Blackburn Rovers England CM John Buckley Loan
33%
Cardiff City S Nottingham Forest England CB Jonathan Panzo Loan
33%
West Bromwich Albion S Bordeaux Nigeria ST Josh Maja Free
33%
Plymouth Argyle S Twente Spain CB Julio Pleguezuelo Free
33%
Norwich City S Bromley England RB Kellen Fisher
33%
Birmingham City S Blackpool England AM Keshi Anderson Free
33%
Stoke City S Wolverhampton Wanderers Netherlands RB Ki-Jana Hoever Loan
33%
Plymouth Argyle S Everton England CB Lewis Gibson Free
33%
Coventry City S Barnsley England CB Liam Kitching
33%
Coventry City S Bologna England CB Luis Binks Loan
33%
Plymouth Argyle S Wolverhampton Wanderers England CM Luke Cundle Loan
33%
Millwall S Wolverhampton Wanderers Montenegro GK Matija Sarkic
33%
Middlesbrough S Manchester City England LW Morgan Rogers
33%
Blackburn Rovers S Plymouth Argyle England ST Niall Ennis Free
33%
Queens Park Rangers S Leyton Orient Northern Ireland RW Paul Smyth Free
33%
Bristol City S Queens Park Rangers England CB Rob Dickie
33%
Bristol City S Aberdeen Scotland DM Ross McCrorie
33%
Hull City S Sporting CP Portugal LB Ruben Vinagre Loan
33%
Hull City S Cardiff City England GK Ryan Allsop
33%
Millwall S Hull City England LW Ryan Longman Loan
33%
Stoke City S Ferencvaros Morocco ST Ryan Mmaee
33%
Middlesbrough S Central Coast Mariners Australia LW Sam Silvera
33%
Middlesbrough S Queens Park Rangers Senegal GK Seny Dieng
33%
Blackburn Rovers S Vitesse Norway CM Sondre Tronstad Free
33%
Bristol City S West Bromwich Albion England RB Taylor Gardner-Hickman Loan
33%
Queens Park Rangers S Brighton & Hove Albion England CM Taylor Richards
33%
Huddersfield Town S Stoke City England RB Tom Edwards Loan
33%
Millwall S Rotherham United Jamaica RB Wes Harding Free
33%
Preston North End S Wigan Athletic Ireland ST Will Keane
33%
Hull City S Chelsea England DM Xavier Simons
33%
Queens Park Rangers S Fulham France LB Ziyad Larkeche Free
33%
Middlesbrough S Cambuur Sierra Leone LB Alex Bangura
27%
Middlesbrough S Brentford Ireland LW Alex Gilbert Free
27%
Rotherham United S Cardiff City England GK Dillon Phillips Free
27%
Stoke City S Sheffield United Ireland LB Enda Stevens Free
27%
Rotherham United S Luton Town Nigeria AM Fred Onyedinma Loan
27%
Watford S Newcastle United Northern Ireland LB Jamal Lewis Loan
27%
Sheffield Wednesday S Pacos de Ferreire Chile RW Juan Delgado Free
27%
Stoke City S Colchester United England RB Junior Tchamadeu
27%
Blackburn Rovers S Odd Sweden GK Leopold Wahlstedt
27%
Plymouth Argyle S Everton England CM Lewis Warrington Loan
27%
Preston North End S Basel Canada LW Liam Millar Loan
27%
Middlesbrough S Silkeborg Denmark LB Lukas Engel
27%
Stoke City S Burnley Ireland CB Luke McNally Loan
27%
Preston North End S Odense Denmark AM Mads Frokjaer-Jensen
27%
Sunderland S Chelsea England ST Mason Burstow Loan
27%
Stoke City S Sampdoria Algeria RM Mehdi Leris
27%
Preston North End S Cadiz Montenegro ST Milutin Osmajic
27%
Sunderland S Manchester United England GK Nathan Bishop
27%
Sunderland S Central Coast Mariners Australia CB Nectarios Triantis
27%
Stoke City S Mladost Lucani Serbia RW Nikola Jojic
27%
Rotherham United S Exeter City England ST Sam Nombe
27%
Rotherham United S Aston Villa England LB Sebastian Revan Loan
27%
Middlesbrough S Melbourne City Australia GK Tom Glover Free
27%
Stoke City S Daejeon Hana Citizen South Korea AM Bae Joon-ho
20%
Swansea City S Chelsea England CB Bashir Humphreys Loan
20%
Sunderland S Blackburn Rovers England AM Bradley Dack Free
20%
Swansea City S Brighton & Hove Albion England GK Carl Rushworth Loan
20%
Sheffield Wednesday S Milan Colombia GK Devis Vazquez Loan
20%
Watford S West Bromwich Albion England DM Jake Livermore Free
20%
Swansea City S Bournemouth Jamaica RW Jamal Lowe Loan
20%
Swansea City S Hearts England LW Josh Ginnelly Free
20%
Swansea City S Stoke City England LB Josh Tymon
20%
Swansea City S Koln Denmark LB Kristian Pedersen Free
20%
Sunderland S Benfica Portugal ST Luis Semedo Free
20%
Stoke City S Coventry City Scotland CB Michael Rose Free
20%
Plymouth Argyle S Anderlecht Sierra Leone RW Mustapha Bundu
20%
West Bromwich Albion S Ludogorets Razgrad Spain RB Pipa Loan
20%
Sheffield Wednesday S Sporting Gijon Spain RB Pol Valentin
20%
Watford S Toulouse England ST Rhys Healey Free
20%
Blackburn Rovers S Borussia Monchengladbach Germany ST Semir Telalovic
20%
Watford S Reading England RW Tom Ince
20%
Leicester City S Galatasaray Turkey RW Yunus Akgun Loan
20%
Watford S Gent Georgia AM Giorgi Chakvetadze Loan
13%
Sunderland S PSV Netherlands CB Jenson Seelt
13%
Swansea City S Exeter City England RB Josh Key
13%
Swansea City S Excelsior Netherlands LB Nathan Tjoe-A-On
13%
Sunderland S Paris Saint-Germain France RB Timothee Pembele
13%
Sunderland S Lorient France AM Adil Aouchiche
7%
Hull City S Fenerbahce Turkey LW Bora Aydinlik Loan
7%
Sunderland S Sochaux Spain ST Eliezer Mayenda
7%
Watford S Kalmar Denmark ST Mileta Rajovic
7%
Swansea City S Troyes Ukraine ST Mykola Kukharevych
7%
Swansea City S AFC Wimbledon England GK Nathan Broome Free
7%
Sunderland S Zorya Luhansk Ukraine ST Nazariy Rusyn
7%
No matching quizzes found
Score Distribution
Percent of People with Each Score
Percentile by Number Answered
Your Score History
You have not taken this quiz since the last reset